|
|
|
|
| LEADER |
00000nab a2200000 a 4500 |
| 001 |
vtls000446141 |
| 003 |
SK-MaSNL |
| 005 |
20260303000221.0 |
| 008 |
120926c1992 xo 0 slo |
| 015 |
|
|
|a SNBRA19rr/mm-uuuuu
|
| 035 |
|
|
|a CL0446272
|
| 040 |
|
|
|a SNKBUCL
|b slo
|c SNKBUCL
|e AACR2
|
| 041 |
0 |
|
|a slo
|
| 044 |
|
|
|a xo
|c SK
|
| 080 |
|
|
|a 726
|2 1981
|
| 100 |
1 |
|
|a Žitňanský, Márius,
|d 1952-
|4 aut
|9 107590
|
| 245 |
1 |
0 |
|a Architektonická tvorba sakrálnych budov
|c Márius Žitňanský
|
| 300 |
|
|
|b Obr. 3. Res. angl.
|
| 650 |
0 |
7 |
|a sakrálna architektúra
|2 snkbucl
|9 729
|
| 655 |
|
7 |
|a články zo zborníkov
|2 snkbucl
|9 166140
|
| 773 |
0 |
|
|t Architektonická tvorba voľnočasových aktivít
|d Bratislava : Dom techniky ZSVTS, 1992
|g S. 62-65
|
| 850 |
|
|
|a Slovenská národná knižnica v Martine
|a MTA001
|
| 852 |
|
|
|a SNK
|b KIS3GCP
|
| 958 |
|
|
|a RK
|
| 992 |
|
|
|a RZB
|
| 999 |
|
|
|c 1557607
|d 1559537
|